000 00342 a2200145 4500
001 168628
020 _a
040 _cMagnum
100 _aOliveira, Zilma de Moraes Et Al.
240 1 0 _aCreches: criancas, faz de conta & cia
_lpor
245 1 0 _aCreches: criancas, faz de conta & cia
362 0 _a1899
697 _aENSINO
942 _cBK
999 _c168628
_d168628